000 01711cam a2200313 4500
001 121905
005 20240417103355.0
008 240417n2019 xxk o o000 0 eng u
020 _a9781528602938
041 _aeng.
050 _a692.21
110 _aMinistry of Housing, Communities and Local Government
_96195
245 _aBuilding a safer future
_bIndependent review of building regulations and fire safety
_bFinal report
_h[electronic resource]
260 _aLondon
_bStationery Office
_cMay 2018
300 _a159p.
440 _aCommand Paper
_vCm 9607
520 _aSee also interim report ISBN 9781528601283
520 _aBuilds on the interim report published in December 2017 where Dame Judith Hackett described how the regulatory system covering high-rise and complex buildings was not fit for purpose. At the heart of this report are the principles for a new regulatory framework which will drive real culture change and the right behaviours. This report recommends a very clear model of risk ownership, with clear responsibilities for the Client, Designer, Contractor and Owner to demonstrate the delivery and maintenance of safe buildings, overseen and held to account by a new Joint Competent Authority (JCA).
650 _aCLADDING
650 _aFIRE PREVENTION
650 _aFIRE SAFETY
650 _aHIGH-RISK BUILDINGS
650 _aHealth and safety
_96244
650 _aBuilding regulations
_96224
651 4 _aENGLAND AND WALES
700 1 _aHackitt, Judith
856 4 0 _uhttps://assets.publishing.service.gov.uk/government/uploads/system/uploads/attachment_data/file/707785/Building_a_Safer_Future_-_web.pdf
_zView the final report at www.gov.uk
942 _n0
_2ddc
999 _c121905
_d121905